Locally multiplicatively-convex topological algebras
Αποθηκεύτηκε σε:
| Κύριος συγγραφέας: | |
|---|---|
| Μορφή: | Βιβλίο |
| Γλώσσα: | English |
| Δημοσίευση: |
Providence, Rhode island :
American Mathematical Society,
1952
|
| Σειρά: | Memoirs of the American Mathematical Society ;
; 11 |
| Θέματα: | |
| Ετικέτες: |
Προσθήκη ετικέτας
Δεν υπάρχουν, Καταχωρήστε ετικέτα πρώτοι!
|
MARC
| LEADER | 00000nam a2200000 i 4500 | ||
|---|---|---|---|
| 001 | 1/45246 | ||
| 008 | 941103s1952 eng d | ||
| 020 | |a 0-8218-1211-4 | ||
| 035 | |a 1993 |l 10042490 | ||
| 040 | |a GR-MY-UA |b gre |e aacr | ||
| 041 | 0 | |a eng | |
| 082 | 0 | |a 512.55 | |
| 100 | 1 | |a Michael, Ernest A. |d 1925- | |
| 245 | 1 | 0 | |a Locally multiplicatively-convex topological algebras / |c Ernest A. Michael |
| 260 | |a Providence, Rhode island : |b American Mathematical Society, |c 1952 | ||
| 300 | |a 82 p.; |c 25 cm. | ||
| 490 | 1 | |a Memoirs of the American Mathematical Society |v ; 11 | |
| 500 | |a Includes bibliography | ||
| 500 | |a This paper is essentially the author's doctoral dissertation at the University of Chicago | ||
| 650 | 0 | 0 | |a Topological algebras. |
| 830 | 0 | |a Memoirs of the American Mathematical Society ; |v ; 11 | |
| 852 | |a INST |b SAMOS |e 19941103 |h 512.55 MIC |p 005300002513 |q 005300002513 |t BK |y 0 | ||
| 909 | |a Σ |b 030489 | ||